1911 : centenari del temporal centenari del temporal
Publicado:
L'Arxiu t'informa. Butlletí de l'Arxiu Municipal de Cambrils, núm. 23 (febrer 2011) :
Descripción Física:
il. ; 29 cm
MARC
| LEADER | 00000nam a2200000Ia 4500 | ||
|---|---|---|---|
| 001 | 23128 | ||
| 003 | BGR | ||
| 005 | 20260324180137.0 | ||
| 008 | 160829s9999 xx 000 0 cat d | ||
| 080 | |a FU-58-31 | ||
| 245 | |a 1911 : |b centenari del temporal | ||
| 260 | |a L'Arxiu t'informa. Butlletí de l'Arxiu Municipal de Cambrils, núm. 23 (febrer 2011) | ||
| 300 | |a il. ; |c 29 cm | ||
| 590 | |a Exposició produïda per l'Arxiu Municipal de Cambrils i el Museu d'Història de Cambrils. | ||
| 590 | |a Prové de 1731, exp. 1. | ||
| 590 | |a S'ha utilitzat el fons de l'Arxiu General de la Diputació de Barcelona | ||
| 650 | |a Tempestes |x Catalunya |x Exposicions |9 47737 | ||
| 650 | |a Tempestes |x València |x Exposicions |9 47738 | ||
| 650 | |a Pescadors |x Exposicions I |9 47739 | ||
| 650 | |a Marins |x Exposicions |9 47740 | ||
| 650 | |a Víctimes de castàstrofes |x Exposicions |9 47741 | ||
| 710 | 1 | |a Arxiu Municipal de Cambrils |9 70550 | |
| 710 | 1 | |a Museu d'Història de Cambrils |9 70551 | |
| 901 | |a Arxiu | ||
| 942 | |n 1 |2 udc |c MON | ||
| 952 | |0 0 |1 0 |4 0 |6 FU5831 |7 1 |9 54070 |a Arxiu |b Arxiu |d 2016-12-01 |l 0 |o FU-58-31 |p 23128 |r 2016-12-01 00:00:00 |w 2016-12-01 |y ARXIU | ||
| 999 | |c 57938 |d 57938 | ||